1262 1753 1820 1884 1464 1586 1117 1283 1916 1195 1442 1660 1336 1193 1398 1279 1923 1496 1474 1533 1550 1877 1668 1085 1856 1922 1023 1340 1628 1259 1457 1686 1572 1122 1562 1984 1775 1780 1020 1025 1147 1173 1528 1530 1046 1180 1327 1884 1048 1945 1661 1723 1789 1877 1368 1685 1848 1686 1372 1532 1004 1922 1579 1230 1811 1238 1102 1907 1464 1700 1685 1348 1242 1909 1249 1032 1153 1585 1760 1360 1991 1041 1559 1984 1731 1855 1067 1948 1236 1925 1298 1740 1912 1183 1140 1243 1141 1224 1232 BCNSPRNW ULIB Ver.6.0+V

เปลี่ยนเป็นภาษาไทย

Change to English
 แสดงรายละเอียดบรรณานุกรม
  กลับหน้าหลัก

Brief Record : Get Marc (ISO 2709) : E-mail record : QR code < ปิดหน้าต่าง
LEADER : 00000nam 2200000uu 4500
001    13399122860
003     ULIB
008    131022s2555||||th 000 0 tha d
020    ^a9789742473778
050  4 ^aDS520^bป526ร
100    ^aปัณณภัทร
245    ^aเราคืออาเซียน--สิงคโปร์ /^cปัณณภัทร
250    ^aพิมพ์ครั้งที่ 4
260    ^aกรุงเทพฯ :^bอมรินทร์คอมมิกส์,^c2555
300    ^a58 หน้า
440  0 ^aชุด เราคืออาเซียน
650  7 ^aประชาคมอาเซียน
650  7 ^aอาเซียน
650  7 ^aสิงคโปร์
945    ^p75^l0^i034081
999    ^aทศพร
รายการนี้ยังไม่มีแท็ก
คุณยังไม่ได้ล็อกอิน คุณสามารถมีกิจกรรมร่วมกับเว็บไซต์ได้ แต่ต้องล็อกอินก่อน ::
  ล็อกอิน

รายการสื่อสารสนเทศ

ลำดับที่ ประเภท เลขเรียก/บาร์โค้ด สถานที่ สถานะ
1. การศึกษาทั่วไป
หนังสือสำรอง
สถานะ=หนังสือสำรอง
DS520 ป526ร ฉ.1 
  Barcode: 034081
ห้องสมุดวิทยาเขตสวรรค์ประชารักษ์
►หนังสือทั่วไป
บนชั้น

รายการใกล้เคียง
    ผู้แต่ง [ปัณณภัทร]

    หัวเรื่อง [ประชาคมอาเซียน]
    หัวเรื่อง [อาเซียน]
    หัวเรื่อง [สิงคโปร์]

BibComment


ยังไม่เคยถูกคอมเมนท์

คอมเมนท์ทรัพยากรรายการนี้
  คอมเมนท์: เราคืออาเซียนสิง..


 Copyright 2026. Bcnsprnw @Library